| 000 | 00660nam a22002412a 4500 | ||
|---|---|---|---|
| 001 | 28444 | ||
| 003 | BD-RjUL | ||
| 005 | 20211209051302.0 | ||
| 008 | 140330s1963 ne 001 0 eng d | ||
| 035 | _a(BD-RjUL)28525 | ||
| 040 |
_aWSU _cWSU _dXIM _dBD-RjUL _beng |
||
| 041 | _aeng | ||
| 082 |
_a301 _bLAE 1963 |
||
| 100 | 1 |
_aLaszlo, Ervin, _d1932- _987105 |
|
| 245 | 1 | 0 |
_aEssential society : _ban ontological reconstruction / |
| 260 |
_aThe Hague : _bNijhoff, _c1963. |
||
| 300 |
_ax, 169 p. ; _c25 cm |
||
| 504 | _aIncludes index. | ||
| 650 | 0 |
_aSociology _987106 |
|
| 650 | 0 |
_aCivilization _xPhilosophy. _93440 |
|
| 942 |
_2ddc _cBK |
||
| 999 |
_c28444 _d28444 |
||